000
00271nam a22001097a 4500
999
_c
13626
_d
13626
082
_a
954.91
100
_a
محمود شام
245
_a
مملکت اے مملکت
260
_a
کراچی
_b
ویلکم بک پورٹ
_c
٢٠٠٧
300
_a
٣٥٠ صفحات
942
_c
BK